Poistenie a poistné plnenia v zákone o dani z príjmov
Poistenie v najvšeobecnejšom slova zmysle možno definovať ako formu prenesenia rizika hroziaceho subjektom (podniku, súkromnému podnikateľovi alebo občanovi) v dôsledku pôsobenia určitých náhodných javov na špecializovanú inštitúciu – spravidla poisťovňu. Pri poistení vznikajú peňažné vzťahy, ktoré...
Saved in:
| Main Author: | |
|---|---|
| Format: | Book Chapter |
| Language: | Slovak |
| Subjects: | |
| Tags: |
No Tags, Be the first to tag this record!
|
MARC
| LEADER | 00000naa a2200000 4500 | ||
|---|---|---|---|
| 001 | 0308923 | ||
| 005 | 20250605141048.2 | ||
| 041 | 0 | |a slo | |
| 044 | |a SK | ||
| 245 | 1 | 0 | |a Poistenie a poistné plnenia v zákone o dani z príjmov |c Ján Mintál |
| 520 | |a Poistenie v najvšeobecnejšom slova zmysle možno definovať ako formu prenesenia rizika hroziaceho subjektom (podniku, súkromnému podnikateľovi alebo občanovi) v dôsledku pôsobenia určitých náhodných javov na špecializovanú inštitúciu – spravidla poisťovňu. Pri poistení vznikajú peňažné vzťahy, ktoré sprostredkujú tvorbu, rozdeľovanie a používanie poistných fondov. To znamená, že z poistného, ktoré platí každý z účastníkov poistenia, poistná inštitúcia vytvára poistný fond, z prostriedkov ktorého hradí škody vznikajúce poisteným jednotlivcom v dôsledku poistných udalostí. | ||
| 610 | 2 | 0 | |a poistenie |
| 610 | 2 | 0 | |a plnenie poistné |
| 610 | 2 | 0 | |a dane z príjmov |
| 610 | 2 | 0 | |a fond poistný |
| 610 | 2 | 0 | |a udalosti poistné |
| 610 | 2 | 0 | |a legislatíva |
| 100 | 1 | |a Mintál, Ján | |